[Event "LSV Turm Lippstadt 1 - SK Werther 1"]
[Site "NRW-Klasse, Gruppe 1 2015/201"]
[Date "2015.09.27"]
[Round "1.4"]
[White "Grobbel, Rainer"]
[Black "Goecke, Karl Ulrich"]
[Result "1-0"]
[WhiteElo "2110"]
[BlackElo "2065"]
[PlyCount "115"]
[EventDate "2015.??.??"]
[WhiteTeam "LSV Turm Lippstadt 1"]
[BlackTeam "SK Werther 1"]

1. d4 e6 2. c4 f5 3. Nf3 Nf6 4. g3 d5 5. Bg2 c6 6. O-O Bd6 7. Nc3 O-O 8. b3 Ne4
9. Qc2 Qe7 10. e3 Nd7 11. Bb2 b6 12. Nd2 Nxd2 13. Qxd2 Ba6 14. Rfc1 Rac8 15.
Bf1 Nf6 16. c5 Bxg3 17. fxg3 Bxf1 18. Rxf1 b5 19. b4 Ng4 20. Rae1 Qg5 21. Bc1
h5 22. Qg2 Qe7 23. Re2 Ra8 24. Nd1 g6 25. Nf2 Kg7 26. Bd2 Rh8 27. Be1 Qb7 28.
h3 Nf6 29. g4 hxg4 30. hxg4 Kf7 31. g5 Nd7 32. Nd3 Rh5 33. Nf4 Rh7 34. Rf3 Qa6
35. Rh3 Rah8 36. Rxh7+ Rxh7 37. Qg3 Nf8 38. Nd3 Kg8 39. Ne5 Qa4 40. Rh2 Qd1 41.
Rxh7 Nxh7 42. Nxg6 Nxg5 43. Ne5 Kf8 44. Kf1 Ne4 45. Qh2 Kg7 46. Qg2+ Kf8 47.
Nxc6 f4 48. exf4 Qd3+ 49. Kg1 Qd1 50. Kf1 Qd3+ 51. Qe2 Qh3+ 52. Kg1 a6 53. Ne5
Ke8 54. Nf3 Qg4+ 55. Qg2 Qxf4 56. Qg8+ Kd7 57. Ne5+ Kc7 58. Qf7+ 1-0

[Event "LSV Turm Lippstadt 1 - SK Werther 1"]
[Site "NRW-Klasse, Gruppe 1 2015/201"]
[Date "2015.09.27"]
[Round "1.5"]
[White "Ortpaul, Mario"]
[Black "Chapman, Alan John"]
[Result "0-1"]
[WhiteElo "1964"]
[BlackElo "2015"]
[PlyCount "107"]
[EventDate "2015.??.??"]
[WhiteTeam "SK Werther 1"]
[BlackTeam "LSV Turm Lippstadt 1"]

1. c4 e5 2. g3 d6 3. Bg2 f5 4. Nc3 Nf6 5. e3 c6 6. Nge2 Be7 7. O-O O-O 8. d4
Qe8 9. b4 Na6 10. b5 Nc7 11. bxc6 bxc6 12. Qa4 e4 13. Rb1 Ne6 14. d5 Nc5 15.
Qxc6 Bd7 16. Qc7 Qh5 17. Nf4 Qh6 18. Qa5 Ng4 19. h3 Ne5 20. Ba3 Nxc4 21. Qb4
Nd2 22. Qb2 Nxb1 23. Rxb1 g5 24. Bxc5 gxf4 25. Bd4 fxg3 26. fxg3 Bf6 27. Bxf6
Qxe3+ 28. Kh2 Rxf6 29. Qb7 Rd8 30. Qc7 Rff8 31. Rb3 Qh6 32. Ne2 Ba4 33. Ra3 Rd7
34. Qc4 Bd1 35. Nf4 Bh5 36. Qc6 Be8 37. Ne6 Rff7 38. Rb3 Rfe7 39. Rb8 Kf7 40.
h4 Rxe6 41. dxe6+ Qxe6 42. Qc8 Re7 43. Qa6 d5 44. Qe2 d4 45. Bh3 d3 46. Qf1
Qxa2+ 47. Kh1 Qd5 48. Bxf5 Kg7 49. Qf4 Qe5 50. Qg5+ Bg6 51. h5 d2 52. h6+ Kf7
53. Bxg6+ hxg6 54. Rb1 0-1

[Event "LSV Turm Lippstadt 1 - SK Werther 1"]
[Site "NRW-Klasse, Gruppe 1 2015/201"]
[Date "2015.09.27"]
[Round "1.6"]
[White "Roemhild, Marcus"]
[Black "Jakovljevic, Goran"]
[Result "1/2-1/2"]
[WhiteElo "2007"]
[BlackElo "1891"]
[PlyCount "104"]
[EventDate "2015.??.??"]
[WhiteTeam "LSV Turm Lippstadt 1"]
[BlackTeam "SK Werther 1"]

1. c4 c6 2. g3 Nf6 3. Bg2 g6 4. Nc3 Bg7 5. e4 O-O 6. Nge2 e5 7. O-O d6 8. d4 c5
9. dxc5 dxc5 10. Nd5 Nxd5 11. exd5 f5 12. Be3 Qd6 13. Nc3 Bd7 14. Rb1 Na6 15.
a3 Rac8 16. Re1 h6 17. f4 e4 18. Qd2 h5 19. Bf1 b6 20. Be2 Kf7 21. h4 Rfe8 22.
Red1 Bf6 23. Kg2 Kg7 24. Na2 Rc7 25. Qc2 Rf8 26. Bd2 Rcc8 27. Bc3 Rf7 28. b3
Rff8 29. Qb2 Rf7 30. Be5 Qe7 31. b4 Re8 32. Bxf6+ Qxf6 33. Nc3 Rd8 34. Rd2 Be8
35. Nd1 Qxb2 36. Rbxb2 Kf6 37. Kf2 Ke7 38. Ke3 Kd6 39. Nc3 Rc8 40. b5 Nb8 41.
a4 Rb7 42. a5 Nd7 43. Ra2 Bf7 44. axb6 axb6 45. Ra6 Rcb8 46. Rda2 Bg8 47. Bd1
Bf7 48. Bc2 Nf6 49. Bd1 Nd7 50. Ra7 Kc7 51. R7a6 Kd6 52. Na4 Kc7 1/2-1/2

[Event "LSV Turm Lippstadt 1 - SK Werther 1"]
[Site "NRW-Klasse, Gruppe 1 2015/201"]
[Date "2015.09.27"]
[Round "1.7"]
[White "Hufendiek, Ekkehard"]
[Black "Laurenz, Waldemar"]
[Result "1/2-1/2"]
[WhiteElo "1832"]
[BlackElo "1952"]
[PlyCount "89"]
[EventDate "2015.??.??"]
[WhiteTeam "SK Werther 1"]
[BlackTeam "LSV Turm Lippstadt 1"]

1. e4 c5 2. d4 e6 3. d5 d6 4. Bc4 e5 5. Bb5+ Bd7 6. a4 Nf6 7. Bg5 Be7 8. Bxf6
Bxf6 9. Na3 O-O 10. Nc4 Be7 11. Bxd7 Nxd7 12. Ne2 Nf6 13. Nc3 g6 14. O-O Nh5
15. g3 Qd7 16. Ne3 b6 17. Qg4 Qxg4 18. Nxg4 a6 19. Ne3 Ng7 20. Nc4 Rab8 21. b3
Rb7 22. Kg2 Ne8 23. Rad1 Bd8 24. Na3 f5 25. f3 Bg5 26. f4 exf4 27. gxf4 Bf6 28.
Nab1 Bd4 29. Ne2 Bg7 30. Nbc3 b5 31. axb5 axb5 32. exf5 gxf5 33. Rd3 b4 34. Na4
Nf6 35. Ng3 Ne4 36. Re3 Bd4 37. Re2 Rg7 38. Kf3 Nc3 39. Nxc3 Bxc3 40. Re6 Rg6
41. Rf2 Rxe6 42. dxe6 Rf6 43. Re2 Kf8 44. Nh5 Rg6 45. Ng3 1/2-1/2

[Event "LSV Turm Lippstadt 1 - SK Werther 1"]
[Site "NRW-Klasse, Gruppe 1 2015/201"]
[Date "2015.09.27"]
[Round "1.8"]
[White "Kruse, Janik"]
[Black "Kraetzer, Ruediger"]
[Result "1-0"]
[WhiteElo "1962"]
[BlackElo "1910"]
[PlyCount "59"]
[EventDate "2015.??.??"]
[WhiteTeam "LSV Turm Lippstadt 1"]
[BlackTeam "SK Werther 1"]

1. d4 d5 2. c4 e6 3. Nc3 Nf6 4. cxd5 exd5 5. Bg5 Be7 6. e3 c6 7. Bd3 Nbd7 8.
Qc2 h6 9. Bf4 O-O 10. Nge2 Re8 11. O-O Nf8 12. f3 Ne6 13. Bg3 a6 14. Na4 Bd7
15. Nc5 Nxc5 16. dxc5 b6 17. b4 a5 18. a3 axb4 19. axb4 bxc5 20. bxc5 Ra5 21.
Rxa5 Qxa5 22. Rc1 Ra8 23. Nd4 Qb4 24. Bc7 Ra3 25. Bb6 g5 26. Rb1 Qc3 27. Rb3
Qe1+ 28. Bf1 Ra1 29. Qd3 Bf8 30. Nc2 1-0

[Event "Bahn-SC Wuppertal 1 - PSV Duisburg 1"]
[Site "NRW-Klasse, Gruppe 1 2015/201"]
[Date "2015.09.27"]
[Round "1.1"]
[White "Schiffer, Kai-Uwe"]
[Black "Savchenko, Vyacheslav"]
[Result "0-1"]
[WhiteElo "2251"]
[BlackElo "2321"]
[PlyCount "60"]
[EventDate "2015.??.??"]
[WhiteTeam "PSV Duisburg 1"]
[BlackTeam "Bahn-SC Wuppertal 1"]

1. e4 c5 2. Nf3 e6 3. d4 cxd4 4. Nxd4 a6 5. Nc3 Qc7 6. Bd3 Nf6 7. g4 h6 8. Qe2
Nc6 9. Nxc6 bxc6 10. Bd2 Rb8 11. O-O-O d5 12. b3 Bb4 13. h4 Qe5 14. Nb1 dxe4
15. Rhe1 Bxd2+ 16. Rxd2 Qf4 17. Bxe4 O-O 18. g5 hxg5 19. hxg5 Qxg5 20. Bxc6 Rb6
21. Bf3 Rb4 22. Qe3 Qf5 23. Rg1 Rf4 24. Rg3 e5 25. Bd5 Nxd5 26. Rxd5 Rxf2 27.
Nd2 Re8 28. Qh6 Qf6 29. Qh5 Qf4 30. Rg5 Bf5 0-1

[Event "Bahn-SC Wuppertal 1 - PSV Duisburg 1"]
[Site "NRW-Klasse, Gruppe 1 2015/201"]
[Date "2015.09.27"]
[Round "1.3"]
[White "Wengenroth, Walter"]
[Black "Savchenko, Aleksij"]
[Result "1/2-1/2"]
[WhiteElo "2197"]
[BlackElo "2202"]
[PlyCount "77"]
[EventDate "2015.??.??"]
[WhiteTeam "PSV Duisburg 1"]
[BlackTeam "Bahn-SC Wuppertal 1"]

1. e4 c5 2. Nf3 e6 3. d4 cxd4 4. Nxd4 a6 5. Bd3 Nf6 6. O-O d6 7. c4 g6 8. Nc3
Bg7 9. Nf3 Nc6 10. h3 Nd7 11. Bg5 Qb6 12. Qd2 Nc5 13. b3 O-O 14. Rac1 Bd7 15.
Bb1 Qb4 16. Bh6 Bf6 17. Nh2 Rfd8 18. Ng4 Bd4 19. Bg5 h5 20. Nh2 Be8 21. Nf3 Bg7
22. Bxd8 Rxd8 23. Qe3 a5 24. Nb5 a4 25. Bc2 axb3 26. axb3 Na5 27. Nbd4 e5 28.
Ne2 Bc6 29. Rb1 Ra8 30. Rfd1 Bf8 31. Qd2 Qb6 32. b4 Nxc4 33. bxc5 Qxb1 34. Bxb1
Nxd2 35. Nxd2 dxc5 36. Nc3 b5 37. Nd5 Kg7 38. Bd3 c4 39. Bxc4 1/2-1/2

[Event "Bahn-SC Wuppertal 1 - PSV Duisburg 1"]
[Site "NRW-Klasse, Gruppe 1 2015/201"]
[Date "2015.09.27"]
[Round "1.4"]
[White "Bashilin, Roman"]
[Black "Heisel, Guido"]
[Result "1-0"]
[WhiteElo "2216"]
[BlackElo "2051"]
[Annotator "Hausrath,Daniel"]
[PlyCount "167"]
[EventDate "2015.??.??"]
[WhiteTeam "Bahn-SC Wuppertal 1"]
[BlackTeam "PSV Duisburg 1"]

1. d4 d5 2. Nf3 g6 3. Bf4 Nf6 4. h3 c5 5. e3 Nc6 6. c3 Qb6 7. Qb3 Qxb3 8. axb3
cxd4 9. exd4 Nh5 10. Be3 Bg7 11. Be2 O-O 12. b4 Bd7 13. b5 Nd8 14. Ne5 Bxe5 15.
dxe5 Ne6 16. g3 Nc7 17. Na3 Ng7 18. g4 f6 19. exf6 Rxf6 20. Bd4 Re6 21. Kf1 a6
22. bxa6 Nxa6 23. Nc2 Nc7 24. Rxa8+ Nxa8 25. Nb4 Nc7 26. Bf3 Bc6 27. Kg2 Nge8
28. Rd1 Kf7 29. Bc5 Rf6 30. Bd4 Re6 31. g5 Nd6 32. Bb6 Nce8 33. Rxd5 Nc4 34.
Bd4 Bxd5 35. Bxd5 Nxb2 36. c4 Na4 $11 37. c5 Nc7 38. Bb3 Kf8 39. Bxa4 Re4 40.
Bc3 Rc4 41. Bd2 Rxc5 42. Bb3 Rb5 43. Bc4 Rc5 44. Be2 Ne6 45. Be3 Ra5 46. f4 Ra3
47. Nd5 Ke8 48. Bg4 Kd7 49. Nb6+ Kc6 50. Nc4 Ra2+ 51. Kf3 Nc7 52. f5 Nd5 53.
Bd4 Ra4 54. Ne5+ Kd6 55. Ke4 Nc3+ 56. Kd3 Nd5 57. Nc4+ Kc7 58. Be5+ Kd8 59. f6
exf6 60. gxf6 b5 61. Nd6 h5 62. f7 Ke7 63. Bd1 Ra3+ 64. Kd4 Nc7 65. Nc8+ Kxf7
66. Bxc7 Rxh3 67. Nd6+ Ke7 68. Nxb5 g5 69. Ke4 g4 70. Nd4 Rh1 71. Be2 Kf6 72.
Kf4 Rh3 73. Be5+ Kg6 74. Nf5 Ra3 75. Bd1 Ra8 76. Bc2 Rf8 77. Bd6 Rf7 78. Be7 g3
79. Kxg3 h4+ 80. Nxh4+ Kh6 81. Nf5+ Kh5 82. Kf4 Kg6 83. Kg4 Kh7 84. Nd6+ 1-0

[Event "Bahn-SC Wuppertal 1 - PSV Duisburg 1"]
[Site "NRW-Klasse, Gruppe 1 2015/201"]
[Date "2015.09.27"]
[Round "1.5"]
[White "Sponheim, Marko"]
[Black "Ries, Benjamin"]
[Result "1-0"]
[WhiteElo "1924"]
[BlackElo "2108"]
[PlyCount "75"]
[EventDate "2015.??.??"]
[WhiteTeam "PSV Duisburg 1"]
[BlackTeam "Bahn-SC Wuppertal 1"]

1. e4 c6 2. d4 d5 3. Nc3 dxe4 4. Nxe4 Nd7 5. Bc4 Ngf6 6. Ng5 e6 7. Qe2 Nb6 8.
Bd3 h6 9. N5f3 c5 10. dxc5 Bxc5 11. Ne5 Nbd7 12. Ngf3 Nxe5 13. Nxe5 O-O 14. Bd2
Qc7 15. f4 b6 16. O-O-O Bb7 17. Kb1 a5 18. Rhf1 Rfd8 19. g4 Rd4 20. Bc3 Ra4 21.
b3 Nd5 22. Bd2 Bd4 23. c4 Rxa2 24. Kxa2 Nb4+ 25. Kb1 Qc5 26. Nd7 Qd6 27. Be3
Rd8 28. Ne5 Nxd3 29. Qxd3 Bxe5 30. Qc2 Qb8 31. Rxd8+ Qxd8 32. fxe5 a4 33. Rd1
Qa8 34. Kb2 g6 35. Bxb6 Qa6 36. Rd8+ Kg7 37. Qf2 f5 38. Qc5 1-0

[Event "Bahn-SC Wuppertal 1 - PSV Duisburg 1"]
[Site "NRW-Klasse, Gruppe 1 2015/201"]
[Date "2015.09.27"]
[Round "1.6"]
[White "Tueckmantel, Rene"]
[Black "Sirringhaus, Wilfried"]
[Result "1-0"]
[WhiteElo "2093"]
[BlackElo "2061"]
[PlyCount "147"]
[EventDate "2015.??.??"]
[WhiteTeam "Bahn-SC Wuppertal 1"]
[BlackTeam "PSV Duisburg 1"]

1. c4 Nf6 2. g3 g6 3. Bg2 Bg7 4. Nc3 O-O 5. e4 d6 6. Nge2 c5 7. O-O Nc6 8. d3
a6 9. h3 Rb8 10. Be3 Ne8 11. d4 Qa5 12. dxc5 dxc5 13. Qd5 Nd6 14. Qxc5 Qxc5 15.
Bxc5 Nxc4 16. b3 b6 17. Bxe7 Nxe7 18. bxc4 Be6 19. Nd5 Bxd5 20. cxd5 Bxa1 21.
Rxa1 Rbc8 22. Nd4 Rc4 23. Rd1 Rd8 24. g4 Kf8 25. g5 Ke8 26. Kh2 b5 27. Bf3 Rc3
28. Kg3 Kd7 29. Kf4 Kc7 30. Ke5 Rd6 31. Bg4 Rc5 32. Nb3 Nc6+ 33. Kf4 Rc2 34. f3
a5 35. Na1 Rc3 36. Rb1 Nb4 37. Nb3 Kb6 38. Ke5 Rd8 39. Nd4 Rc7 40. Rb3 Rc4 41.
a3 Re8+ 42. Kf6 Rxd4 43. Kxf7 Ra8 44. axb4 Rxb4 45. Rd3 a4 46. d6 a3 47. Be6
Rc4 48. d7 a2 49. Rd1 Rd4 50. Ra1 b4 51. Ke7 Kc7 52. Rc1+ Kb6 53. Bxa2 Rxa2 54.
d8=Q+ Rxd8 55. Kxd8 Re2 56. Kd7 b3 57. Rc8 b2 58. Rb8+ Kc5 59. Ke6 Kd4 60. Kf6
Kc3 61. Kg7 Kc2 62. Kxh7 Rh2 63. Rc8+ Kd1 64. Rb8 Kc1 65. Kxg6 Rxh3 66. f4 Kc2
67. Rxb2+ Kxb2 68. f5 Kc3 69. e5 Kd4 70. e6 Re3 71. Kf7 Re5 72. f6 Ke4 73. e7
Kf5 74. e8=Q 1-0

[Event "Bahn-SC Wuppertal 1 - PSV Duisburg 1"]
[Site "NRW-Klasse, Gruppe 1 2015/201"]
[Date "2015.09.27"]
[Round "1.7"]
[White "Brueggemann, Josef"]
[Black "Bogorad, Michail"]
[Result "0-1"]
[WhiteElo "1990"]
[BlackElo "2026"]
[PlyCount "60"]
[EventDate "2015.??.??"]
[WhiteTeam "PSV Duisburg 1"]
[BlackTeam "Bahn-SC Wuppertal 1"]

1. e4 c5 2. Nc3 Nc6 3. g3 g6 4. Bg2 Bg7 5. d3 Rb8 6. Nge2 b5 7. O-O d6 8. Nd5
e6 9. Ne3 Nge7 10. c3 b4 11. Qc2 O-O 12. Ng4 h5 13. Ne3 Ba6 14. f4 f5 15. Rd1
Kh7 16. exf5 exf5 17. a3 bxc3 18. bxc3 d5 19. Rb1 Rxb1 20. Qxb1 d4 21. cxd4
Nxd4 22. Nxd4 Qxd4 23. Qb3 Rd8 24. Qf7 Ng8 25. Kh1 Nh6 26. Qxa7 Bxd3 27. Qc7
Rd7 28. Qc8 Re7 29. Nc2 Qf2 30. Qd8 Qxc2 0-1

[Event "Bahn-SC Wuppertal 1 - PSV Duisburg 1"]
[Site "NRW-Klasse, Gruppe 1 2015/201"]
[Date "2015.09.27"]
[Round "1.8"]
[White "Peters, Ortwin"]
[Black "Spitzer, Erwin"]
[Result "1/2-1/2"]
[WhiteElo "1944"]
[BlackElo "1984"]
[Annotator "Hausrath,Daniel"]
[PlyCount "111"]
[EventDate "2015.??.??"]
[WhiteTeam "Bahn-SC Wuppertal 1"]
[BlackTeam "PSV Duisburg 1"]

1. c4 e5 2. g3 c6 3. Nf3 d6 4. Bg2 Be6 5. d3 Qc8 6. Nc3 Be7 7. Bg5 f6 8. Be3
Na6 9. h4 Nc7 10. Rc1 Qd7 11. a3 h5 12. Qc2 Nh6 13. Ne4 Bf5 14. Bd2 Nf7 15. Be3
Kf8 16. Qb3 Ne6 17. Qc2 b6 18. Qa4 Rc8 19. b4 g6 20. Nc3 Bg4 21. Nh2 Nd4 22.
Nxg4 hxg4 23. Ne4 Kg7 24. Nc3 Nf5 25. Bd2 Nd8 26. e3 Rc7 27. b5 c5 28. Nd5 Rc8
29. Qd1 Nh6 30. a4 Ne6 31. Bc3 Nc7 32. Nxc7 Rxc7 33. Bd5 Nf7 34. Kd2 f5 35. Qe2
Bf6 36. Rcg1 Qe7 37. e4 Nh6 38. Kc2 Rf8 39. Bd2 Kh7 40. Qe3 f4 41. Qe2 Bg7 42.
h5 g5 43. a5 Bf6 44. Ra1 Rb8 45. axb6 axb6 46. Ra6 Qe8 47. Qd1 Bd8 48. Qa1 Rg7
49. Ra7 Bc7 50. Qd1 $11 Qc8 51. Qe2 Qe8 52. Qd1 Qc8 53. Qe2 Kh8 54. Qd1 Rh7 55.
Qe2 Kg7 56. Qd1 1/2-1/2

[Event "Kölner SK Dr. Lasker 1 - SF Katernberg "]
[Site "NRW-Klasse, Gruppe 1 2015/201"]
[Date "2015.09.27"]
[Round "1.1"]
[White "Bee, Marcus"]
[Black "Paris, Michael"]
[Result "0-1"]
[WhiteElo "2175"]
[BlackElo "2194"]
[Annotator "Hausrath,Daniel"]
[PlyCount "110"]
[EventDate "2015.??.??"]
[WhiteTeam "SF Katernberg 2"]
[BlackTeam "Kölner SK Dr. Lasker 1"]

1. Nf3 d5 2. c4 e6 3. g3 Nf6 4. Bg2 Be7 5. O-O O-O 6. d4 dxc4 7. Qc2 a6 8. a4
Nbd7 9. Qxc4 Bd6 10. Rd1 Qe7 11. Nc3 Rb8 12. a5 h6 13. e4 e5 14. d5 b5 15. axb6
Rxb6 16. Nh4 Rb4 17. Qe2 Nc5 18. Nf5 Bxf5 19. exf5 Rfb8 20. Ra2 $11 Qd7 21. Qc2
e4 22. Be3 Qxf5 23. Ne2 Ncd7 24. Bd4 Qxd5 25. Rxa6 Qh5 26. h3 Ne5 27. Kf1 Nf3
28. Bc3 Qb5 29. Raxd6 cxd6 30. Bxb4 Qxb4 31. Bxf3 exf3 32. Nd4 Qxb2 33. Qxb2
Rxb2 34. Nxf3 Ne4 35. Ng1 Rxf2+ 36. Ke1 Ra2 37. g4 Ra3 38. Kf1 Kf8 39. Rd4 Re3
40. Kg2 Ke7 41. Ra4 Nc5 42. Ra7+ Kf6 43. Kf2 Re7 44. Ra3 Rb7 45. Ra2 Rb2+ 46.
Rxb2 Nd3+ 47. Ke3 Nxb2 48. Nf3 Nd1+ 49. Kf4 Nc3 50. Nd4 d5 51. Ke3 Ne4 52. h4
Nc5 53. Nf3 Ne6 54. Kd3 g6 55. Ke3 h5 0-1

[Event "Kölner SK Dr. Lasker 1 - SF Katernberg "]
[Site "NRW-Klasse, Gruppe 1 2015/201"]
[Date "2015.09.27"]
[Round "1.2"]
[White "Lindam, Ingo"]
[Black "Gassmann, Volker"]
[Result "1/2-1/2"]
[WhiteElo "2058"]
[BlackElo "2104"]
[Annotator "Hausrath,Daniel"]
[PlyCount "187"]
[EventDate "2015.??.??"]
[WhiteTeam "Kölner SK Dr. Lasker 1"]
[BlackTeam "SF Katernberg 2"]

1. d4 Nf6 2. Bg5 Ne4 3. h4 c5 4. dxc5 Na6 5. Nd2 Naxc5 6. Nxe4 Nxe4 7. Qd5 Nxg5
8. hxg5 Qb6 9. O-O-O d6 10. e3 Be6 11. Bb5+ Kd8 12. Qd3 Rc8 13. Nf3 a6 14. Ba4
g6 15. Bb3 Bxb3 16. Qxb3 Qxb3 17. axb3 Rc5 18. Rh4 Ra5 19. Kb1 h5 20. g4 Rg8
21. Rd4 hxg4 22. Rdxg4 Rf5 23. Rh3 Bg7 24. e4 Rc5 25. c3 Kd7 26. Rh7 $11 Ke6
27. Nd4+ Kd7 28. Nf3 a5 29. Rf4 Ke8 30. Kc2 Kf8 31. Nd4 Re5 32. Nf3 Rc5 33. Nd4
Ke8 34. Nf3 b6 35. Kd3 b5 36. Kd2 e5 37. Rfh4 d5 38. Ne1 $11 dxe4 39. Rxe4 Rd5+
40. Kc2 Rh8 41. Rxh8+ Bxh8 42. Nd3 Kd7 43. c4 bxc4 44. bxc4 Rd4 45. Nxe5+ Bxe5
46. Rxe5 Rxc4+ 47. Kd3 Ra4 48. b3 Ra3 49. Kc4 Kd6 50. Rd5+ Ke6 51. Rd3 a4 52.
bxa4 Rxa4+ 53. Kb3 Rf4 54. Rd2 Kf5 55. Kc3 Kxg5 56. Kd3 Kg4 57. Ke2 f5 58. Rd3
Re4+ 59. Kf1 Kf4 60. Kg2 g5 61. Rf3+ Ke5 62. Ra3 Re1 63. Ra5+ Kf4 64. Ra4+ Re4
65. Ra3 g4 66. Rb3 Rc4 67. Ra3 Kg5 68. Ra5 Rc3 69. Rb5 Rd3 70. Ra5 Kf4 71. Ra4+
Ke5 72. Ra5+ Kf6 73. Ra6+ Kg5 74. Ra5 Rf3 75. Ra8 Rd3 76. Ra5 Rd4 77. Rb5 Kf4
78. Rb3 Rd5 79. Ra3 Kg5 80. Ra8 f4 81. Rg8+ Kh4 82. Rh8+ Rh5 83. Rg8 f3+ 84.
Kh2 Rh6 85. Rg7 Re6 86. Rg8 Re4 87. Rh8+ Kg5 88. Rg8+ Kf4 89. Rf8+ Kg5 90. Rg8+
Kf5 91. Rf8+ Kg6 92. Rg8+ Kf7 93. Rg5 Kf6 94. Rg8 1/2-1/2

[Event "Kölner SK Dr. Lasker 1 - SF Katernberg "]
[Site "NRW-Klasse, Gruppe 1 2015/201"]
[Date "2015.09.27"]
[Round "1.3"]
[White "Villwock, Martin"]
[Black "Kloss, Henning"]
[Result "1-0"]
[WhiteElo "2100"]
[BlackElo "2165"]
[PlyCount "53"]
[EventDate "2015.??.??"]
[WhiteTeam "SF Katernberg 2"]
[BlackTeam "Kölner SK Dr. Lasker 1"]

1. b3 e5 2. Bb2 Nc6 3. e3 Nf6 4. Bb5 Bd6 5. Na3 a6 6. Be2 b5 7. c4 Qe7 8. cxb5
Bxa3 9. Bxa3 Nb4 10. Bb2 Bb7 11. Nf3 axb5 12. O-O O-O 13. Nxe5 Nxa2 14. Bxb5
Nb4 15. Ng4 Ne4 16. d3 Ng5 17. Rxa8 Rxa8 18. f4 Ra2 19. Rf2 f5 20. fxg5 fxg4
21. Qxg4 c6 22. Qg3 Qe8 23. Qd6 cxb5 24. Qxb4 h6 25. Qd4 Qg6 26. gxh6 gxh6 27.
Qh8# 1-0

[Event "Kölner SK Dr. Lasker 1 - SF Katernberg "]
[Site "NRW-Klasse, Gruppe 1 2015/201"]
[Date "2015.09.27"]
[Round "1.4"]
[White "Nagel, Bernhard"]
[Black "Imcke, Patrick"]
[Result "1-0"]
[WhiteElo "2169"]
[BlackElo "2088"]
[Annotator "Hausrath,Daniel"]
[PlyCount "81"]
[EventDate "2015.??.??"]
[WhiteTeam "Kölner SK Dr. Lasker 1"]
[BlackTeam "SF Katernberg 2"]

1. Nf3 Nf6 2. c4 g6 3. Nc3 Bg7 4. g3 O-O 5. Bg2 d5 6. cxd5 Nxd5 7. Qb3 Nb6 8.
d4 Nc6 9. e3 Be6 10. Qd1 Bc4 11. b3 Ba6 12. Ba3 Nd5 13. Nxd5 Qxd5 14. Qd2 e5
15. Nh4 e4 16. Bf1 Bxf1 17. Bxf8 Rxf8 18. Rxf1 g5 19. Ng2 Rd8 20. O-O-O a5 21.
Kb1 Nb4 22. Qc3 Qd7 23. h4 h6 24. hxg5 hxg5 25. Ne1 Nd5 26. Qb2 c5 27. Nc2 a4
28. b4 c4 29. a3 c3 30. Qa2 g4 31. Rc1 Qb5 32. Ka1 Nb6 33. Rfd1 Nd5 34. Rh1 Nb6
$11 35. Rh4 Qf5 36. Ne1 Rc8 37. Ng2 Bf6 38. Rh2 Nd5 39. Nf4 Nxf4 40. gxf4 Qd7
41. Rh5 1-0

[Event "Kölner SK Dr. Lasker 1 - SF Katernberg "]
[Site "NRW-Klasse, Gruppe 1 2015/201"]
[Date "2015.09.27"]
[Round "1.5"]
[White "Dette, Jan"]
[Black "Fox, Daniel"]
[Result "0-1"]
[WhiteElo "1928"]
[BlackElo "2167"]
[PlyCount "58"]
[EventDate "2015.??.??"]
[WhiteTeam "SF Katernberg 2"]
[BlackTeam "Kölner SK Dr. Lasker 1"]

1. e4 e6 2. d4 d5 3. Nd2 Nf6 4. e5 Nfd7 5. Bd3 c5 6. c3 Nc6 7. Ngf3 g6 8. O-O
Bg7 9. Re1 O-O 10. Nf1 cxd4 11. cxd4 Qb6 12. Bc2 f6 13. exf6 Nxf6 14. b3 Ng4
15. Be3 Bd7 16. Rc1 Rae8 17. Ng5 e5 18. dxe5 d4 19. e6 dxe3 20. Nxe3 Nxf2 21.
Qxd7 Rd8 22. Qf7+ Rxf7 23. exf7+ Kh8 24. Kxf2 Ne5 25. Nf3 Ng4+ 26. Kf1 Nxe3+
27. Rxe3 Qxe3 28. Re1 Qb6 29. Re8+ Bf8 0-1

[Event "Kölner SK Dr. Lasker 1 - SF Katernberg "]
[Site "NRW-Klasse, Gruppe 1 2015/201"]
[Date "2015.09.27"]
[Round "1.6"]
[White "Cramer, Volker"]
[Black "Heldt, Maximilian"]
[Result "1-0"]
[WhiteElo "2065"]
[BlackElo "1898"]
[PlyCount "57"]
[EventDate "2015.??.??"]
[WhiteTeam "Kölner SK Dr. Lasker 1"]
[BlackTeam "SF Katernberg 2"]

1. d4 Nf6 2. Bg5 c5 3. d5 e6 4. e4 d6 5. Bb5+ Bd7 6. Bxd7+ Nbxd7 7. dxe6 fxe6
8. Nc3 Be7 9. Nf3 O-O 10. e5 dxe5 11. Qe2 Nd5 12. h4 Bxg5 13. hxg5 Nf4 14. Qe4
Ng6 15. O-O-O Qc7 16. Rxh7 Rf4 17. Qxg6 Nf8 18. Qh5 Nxh7 19. Rh1 g6 20. Qxg6+
Qg7 21. Qxe6+ Kf8 22. Nxe5 Qxg5 23. Ng6+ Kg7 24. Nxf4 Qxf4+ 25. Kb1 Rf8 26. Ne4
Rf7 27. Rxh7+ Kxh7 28. Qxf7+ Qxf7 29. Ng5+ 1-0

[Event "Kölner SK Dr. Lasker 1 - SF Katernberg "]
[Site "NRW-Klasse, Gruppe 1 2015/201"]
[Date "2015.09.27"]
[Round "1.7"]
[White "Schmitz, Edgar"]
[Black "Loseries, Uwe"]
[Result "0-1"]
[WhiteElo "1844"]
[BlackElo "2144"]
[PlyCount "104"]
[EventDate "2015.??.??"]
[WhiteTeam "SF Katernberg 2"]
[BlackTeam "Kölner SK Dr. Lasker 1"]

1. e4 c6 2. d4 d5 3. f3 dxe4 4. fxe4 e5 5. Nf3 Bg4 6. c3 Nd7 7. Bc4 b5 8. Bb3
Ngf6 9. O-O Bd6 10. Bg5 O-O 11. Nbd2 Qc7 12. Qe1 Bh5 13. Kh1 Bg6 14. Nh4 c5 15.
Nxg6 hxg6 16. dxc5 Nxc5 17. Bxf6 gxf6 18. Bd5 Rad8 19. Rxf6 Kg7 20. Rf3 Na4 21.
Qe2 a6 22. Raf1 f6 23. Qf2 Bc5 24. Qh4 Be7 25. Qg4 Nb6 26. Rg3 g5 27. Nf3 Nxd5
28. exd5 Rxd5 29. Nh4 Qc4 30. Nf5+ Kf7 31. Qh5+ Ke6 32. Rgf3 Rd7 33. Ng7+ Kd6
34. Rd1+ Kc6 35. Rff1 Rxd1 36. Rxd1 Rd8 37. Nf5 Bc5 38. h3 Rxd1+ 39. Qxd1 Qxa2
40. b4 Bf8 41. Qd8 Qb1+ 42. Kh2 Qxf5 43. Qa8+ Kd6 44. Qxf8+ Kd5 45. Qa8+ Kc4
46. Qc6+ Kb3 47. Qxa6 e4 48. Qb6 Qe5+ 49. Kg1 e3 50. Qc5 Qxc5 51. bxc5 Kxc3 52.
c6 e2 0-1

[Event "Kölner SK Dr. Lasker 1 - SF Katernberg "]
[Site "NRW-Klasse, Gruppe 1 2015/201"]
[Date "2015.09.27"]
[Round "1.8"]
[White "Diesner, Michael"]
[Black "Kueppers, Timo"]
[Result "0-1"]
[WhiteElo "2104"]
[BlackElo "1773"]
[PlyCount "62"]
[EventDate "2015.??.??"]
[WhiteTeam "Kölner SK Dr. Lasker 1"]
[BlackTeam "SF Katernberg 2"]

1. d4 Nf6 2. c4 e6 3. Nf3 Bb4+ 4. Bd2 Qe7 5. g3 O-O 6. Bg2 Bxd2+ 7. Nbxd2 d6 8.
O-O a5 9. Qc2 Nc6 10. e3 e5 11. Qc3 Bf5 12. b3 Rfe8 13. d5 Nb8 14. a3 e4 15.
Nd4 Bg6 16. b4 axb4 17. axb4 Nbd7 18. Rxa8 Rxa8 19. Ra1 Rb8 20. Ra7 Ne5 21. Qa3
Qd8 22. Nb5 Nd3 23. Nc3 Qe8 24. Nb5 Qd8 25. Qa5 b6 26. Qa3 Ng4 27. Nxe4 Bxe4
28. Bxe4 Ndxf2 29. Bg2 Qf6 30. Ra8 Nh3+ 31. Kh1 Ngf2# 0-1

[Event "SV Kamen 1 - SV Erkenschwick 1"]
[Site "NRW-Klasse, Gruppe 1 2015/201"]
[Date "2015.09.27"]
[Round "1.1"]
[White "Bitalzadeh, Ali"]
[Black "Weidemann, Christian"]
[Result "0-1"]
[WhiteElo "2363"]
[BlackElo "2297"]
[PlyCount "84"]
[EventDate "2015.??.??"]
[WhiteTeam "SV Erkenschwick 1"]
[BlackTeam "SV Kamen 1"]

1. c4 e5 2. Nc3 Bb4 3. g3 Nf6 4. Bg2 O-O 5. d3 c6 6. Nf3 d5 7. O-O Re8 8. cxd5
cxd5 9. Bg5 Bxc3 10. bxc3 h6 11. Bxf6 Qxf6 12. Qb3 Rd8 13. Nd2 Qe6 14. c4 dxc4
15. Nxc4 Nc6 16. Qb2 Re8 17. Rac1 Bd7 18. Qxb7 Rab8 19. Qc7 Rec8 20. Qd6 Nd4
21. Rce1 Qxd6 22. Nxd6 Rc2 23. e3 Ne2+ 24. Kh1 Be6 25. a3 Rd8 26. Nc4 Rxd3 27.
Nxe5 Rxa3 28. Rb1 Nc3 29. Rb8+ Kh7 30. Rb7 Raa2 31. Rc7 a5 32. Nf3 Nb5 33. Ng5+
Kg8 34. Rd1 Rd2 35. Rxd2 Rxd2 36. Nxe6 Nxc7 37. Nxc7 Rd1+ 38. Bf1 Rxf1+ 39. Kg2
Rb1 40. Nd5 a4 41. Nc3 Rb4 42. Kf3 a3 0-1